00857nam a2200241 a 4500001001300000005001700013008004100030020001800071020001500089035002100104040004800125100005100173245014500224260005500369300002200424650001200446650003500458650003700493650002300530650002100553700003300574041000800607ocn92291127220170608111011.01 s2016 onc gr 000 0 eng d a9781571747396 a1571747397 a(OCoLC)922911272 aCo-BoUCMbspacEdgar PinilladEdgar Pinilla1 aBstan-ʼdzin-rgya-mtshocDalai Lama XIVd1935-14aThe Dalai Lama's big book of happiness bhow to live in freedom, compassion, and love cHis Holiness the Dalai Lama ; edited by Renuka Singh a[Kitchener (Ontario, Canada)]bHampton Roadsc2016 axi, 272 páginas04aBudismo04aFelicidadxAspectos religiosos04aCompasiónxAspectos religiosos04aConducta (Ética)04aBudismo tibetano1 aSingh, Renukad1953-eeditor aeng